000 00735nam a2200217 u 4500
005 20230526063537.0
008 100304s2005 r 000 0 eng d
020 _a8470741810
035 _aUPN01000174969
049 _aCG
050 4 _aPN4833
_bF5.5
100 1 _aFlores Vivar, Jesús
245 1 0 _aModelos de negocio en el ciberperiodismo :
_bestrategias de los medios para el desarrollo de negocios en la red /
_cJesús Flores Vivar, Guadalupe Aguado Guadalupe.
260 _aMadrid :
_bFragua,
_c2005.
300 _a203 p. :
_bil.
440 0 _aFragua comunicación ;
_v21
650 4 _aPERIODISMO EN LINEA
_95333
650 4 _aRedes de información
_99151
700 1 _aAguado Guadaupe, Guadalupe,
_ecoaut.
905 _aLibro
999 _c147073
_d147073